000 00597nam a22002057a 4500
001 0002345
003 DO-SdBNP
005 20180202143709.0
007 0002345
008 160418b 1984 ru ||||| |||| 00| 0 spa d
040 _aBPMSU
_bspa
_cBPMSU
100 _4Kononov, Alexander
245 _aRelatos acerca de V. I. Lenin /
_cAlexandr Kononov ; tradución Rosario Bruno
260 _aMoscú :
_bRáduga,
_c1984
300 _a119 p. :
_bil.;
_c 26 cm.
700 _aBruno, Rosario
_etr.
942 _2ddc
_cBK
945 _aInventariado, 2018 / BT
956 _2VMATEO
_310
_620160469
_8BPMSU
_a0069
999 _c9817
_d9817